[Event "Pyramiden Cup 2015"]
[Site "Fuerth"]
[Date "2015.09.05"]
[Round "5.18"]
[White "Beesk, Kevin"]
[Black "Walter, Florian"]
[Result "1/2-1/2"]
[WhiteElo "1921"]
[BlackElo "2160"]
[PlyCount "62"]
[EventDate "2015.??.??"]
[WhiteTeam "SK Neumarkt"]
[BlackTeam "SC NT Nürnberg"]

1. Nc3 d5 2. e4 dxe4 3. Nxe4 g6 4. Bc4 Bg7 5. d3 Nc6 6. a3 Nf6 7. Ng3 Qd6 8.
Nf3 O-O 9. O-O Bg4 10. h3 Be6 11. Bxe6 Qxe6 12. Re1 Qd7 13. Qe2 e6 14. Bd2 Rad8
15. Bc3 Ne7 16. Ne4 Nxe4 17. Bxg7 Kxg7 18. dxe4 Qc6 19. Rad1 Qb6 20. b3 Qc5 21.
a4 Nc6 22. Rxd8 Rxd8 23. Rd1 Rd6 24. Rxd6 cxd6 25. Qd2 h6 26. c3 a5 27. Nd4
Nxd4 28. cxd4 Qb6 29. Qc3 Kf8 30. Kf1 Ke7 31. Ke2 Kd7 1/2-1/2

[Event "Pyramiden Cup 2015"]
[Site "Fuerth"]
[Date "2015.09.05"]
[Round "5.19"]
[White "Bunk, Karsten"]
[Black "Lutter, Maximilian"]
[Result "1/2-1/2"]
[WhiteElo "2090"]
[BlackElo "1776"]
[PlyCount "30"]
[EventDate "2015.??.??"]
[WhiteTeam "SW Nürnberg Süd"]
[BlackTeam "SK Neumarkt"]

1. c4 b6 2. Nc3 Bb7 3. e4 e6 4. Nge2 Nf6 5. f3 e5 6. d4 d6 7. Be3 Nbd7 8. g3 g6
9. Bg2 Bg7 10. O-O O-O 11. Qd2 exd4 12. Nxd4 Ne5 13. b3 Nfd7 14. Bg5 Nxc4 15.
bxc4 Bxd4+ 1/2-1/2

[Event "Pyramiden Cup 2015"]
[Site "Fuerth"]
[Date "2015.09.05"]
[Round "5.20"]
[White "Kroneder, Christian"]
[Black "Kannenberg, Karl-Heinz"]
[Result "1-0"]
[WhiteElo "2045"]
[BlackElo "2220"]
[PlyCount "120"]
[EventDate "2015.??.??"]
[WhiteTeam "SK Schwanstetten"]
[BlackTeam "SC Kitzingen"]

1. e4 c6 2. d4 d5 3. Nd2 dxe4 4. Nxe4 Bf5 5. Ng3 Bg6 6. h4 h6 7. h5 Bh7 8. Bd3
Qxd4 9. Nf3 Qd5 10. Rh4 Bxd3 11. Rd4 Qe6+ 12. Be3 c5 13. Rxd3 Nc6 14. Qe2 c4
15. Rc3 Rd8 16. Qxc4 Qxc4 17. Rxc4 e6 18. Rd1 Rxd1+ 19. Kxd1 Nge7 20. Bd2 Nd5
21. a3 Be7 22. b4 a6 23. Re4 O-O 24. c4 Nf6 25. Re2 Rd8 26. Kc2 Bd6 27. Bc3
Bxg3 28. Bxf6 gxf6 29. fxg3 Nd4+ 30. Nxd4 Rxd4 31. Kc3 Rg4 32. Re3 Kf8 33. a4
Ke7 34. a5 Kd7 35. Rd3+ Kc7 36. Kb3 f5 37. b5 Rg8 38. Kb4 e5 39. b6+ Kc8 40.
Kc5 Re8 41. Re3 Kd7 42. Kd5 f6 43. c5 Re6 44. Rf3 e4 45. Rxf5 e3 46. Rf1 e2 47.
Re1 Re5+ 48. Kd4 Kc6 49. g4 Rd5+ 50. Ke3 Rxc5 51. Kf2 Re5 52. Rc1+ Kb5 53. Ke1
Kxa5 54. Rc7 Kxb6 55. Rh7 Re4 56. Rxh6 Rxg4 57. Rxf6+ Kc5 58. Rg6 Ra4 59. g4 a5
60. Kxe2 b5 1-0

[Event "Pyramiden Cup 2015"]
[Site "Fuerth"]
[Date "2015.09.05"]
[Round "5.21"]
[White "Woerl, Richard"]
[Black "Heimrath, Reiner"]
[Result "0-1"]
[WhiteElo "2047"]
[BlackElo "2191"]
[PlyCount "70"]
[EventDate "2015.??.??"]
[WhiteTeam "SW Nürnberg Süd"]
[BlackTeam "SC Noris-Tarrasch Nürnberg"]

1. e4 d6 2. Be2 e5 3. c3 Nf6 4. d3 c5 5. Na3 Nc6 6. f4 d5 7. fxe5 Nxe5 8. d4
cxd4 9. cxd4 Bb4+ 10. Kf1 Nc6 11. e5 Ne4 12. Nf3 f6 13. Nc2 Be7 14. Ne3 Be6 15.
Bd2 O-O 16. exf6 Bxf6 17. Bc3 Bg5 18. Qd3 Bf4 19. Ke1 Qf6 20. Rf1 Bxh2 21. Kd1
Bf4 22. Ne5 Qg5 23. Bg4 Bxg4+ 24. N3xg4 h5 25. Nf2 Nxf2+ 26. Rxf2 Bxe5 27.
Rxf8+ Rxf8 28. dxe5 Qxg2 29. Rc1 Nxe5 30. Qe3 Nc4 31. Qe6+ Kh7 32. Rc2 Rf1+ 33.
Be1 Nxb2+ 34. Kc1 Rxe1+ 35. Kxb2 Qxc2+ 0-1

[Event "Pyramiden Cup 2015"]
[Site "Fuerth"]
[Date "2015.09.05"]
[Round "5.22"]
[White "Pfadenhauer, Johannes"]
[Black "Gradl, Winfried"]
[Result "1/2-1/2"]
[WhiteElo "2067"]
[BlackElo "1993"]
[PlyCount "59"]
[EventDate "2015.??.??"]
[WhiteTeam "TSV Bindlach"]
[BlackTeam "TuS Fürstenfeldbruck"]

1. d4 d5 2. c4 c6 3. Nf3 Nf6 4. Nc3 dxc4 5. a4 Bf5 6. e3 e6 7. Bxc4 Bb4 8. O-O
Nbd7 9. Qe2 Bg6 10. Rd1 O-O 11. Bd2 a5 12. Be1 Qe7 13. Ne5 Nxe5 14. dxe5 Nd7
15. f4 Rfd8 16. Qf3 Nc5 17. Rd4 Bc2 18. Qh3 Rxd4 19. exd4 Nb3 20. Bxb3 Bxb3 21.
Qe3 Bd5 22. Nxd5 cxd5 23. Bxb4 Qxb4 24. Qc3 h5 25. Kf2 Qxc3 26. bxc3 Rc8 27.
Ra3 Rc4 28. Kf3 Kh7 29. h3 Kg6 30. g3 1/2-1/2

[Event "Pyramiden Cup 2015"]
[Site "Fuerth"]
[Date "2015.09.05"]
[Round "5.23"]
[White "Cipra, Lothar"]
[Black "Kahlert, Thomas"]
[Result "0-1"]
[WhiteElo "2016"]
[BlackElo "2178"]
[PlyCount "48"]
[EventDate "2015.??.??"]
[WhiteTeam "SK Schwanstetten"]
[BlackTeam "SK Norderstedt"]

1. d4 Nf6 2. c4 g6 3. Nc3 d5 4. cxd5 Nxd5 5. e4 Nxc3 6. bxc3 Bg7 7. Bc4 O-O 8.
Be3 c5 9. Ne2 Nc6 10. O-O Qc7 11. Rb1 Rd8 12. Qc1 e6 13. Rd1 Na5 14. Bd3 Bd7
15. Qa3 b6 16. dxc5 Bf8 17. cxb6 axb6 18. Bxb6 Qxb6 19. Qxf8+ Kxf8 20. Rxb6 Ba4
21. Rbb1 Bxd1 22. Rxd1 Nc4 23. Nd4 Nb2 24. Rd2 Nxd3 0-1

[Event "Pyramiden Cup 2015"]
[Site "Fuerth"]
[Date "2015.09.05"]
[Round "5.24"]
[White "Schober, Ralf"]
[Black "Hoermann, Gunther"]
[Result "1-0"]
[WhiteElo "2019"]
[BlackElo "2092"]
[PlyCount "115"]
[EventDate "2015.??.??"]
[WhiteTeam "SV Sundern"]
[BlackTeam "TSV Cadolzburg"]

1. d4 Nf6 2. Nf3 b6 3. c4 e6 4. a3 Bb7 5. Nc3 Ne4 6. Nxe4 Bxe4 7. Nd2 Bb7 8. e4
d6 9. Bd3 e5 10. d5 Nd7 11. b4 Be7 12. O-O O-O 13. Nb3 Bg5 14. Qg4 Bxc1 15.
Rfxc1 c5 16. b5 g6 17. Nd2 Bc8 18. Nf1 Nf6 19. Qh4 Kg7 20. f3 Nh5 21. Qxd8 Rxd8
22. g3 Bd7 23. Ne3 Rf8 24. Kg2 f5 25. a4 a5 26. Bc2 Rf7 27. Rf1 Raf8 28. Rae1
f4 29. Nd1 fxg3 30. hxg3 g5 31. Ne3 Nf6 32. Rf2 h5 33. Rh1 Rh8 34. Rff1 Kf8 35.
Bd3 Ke7 36. Bc2 Rg7 37. Bd3 g4 38. f4 h4 39. fxe5 h3+ 40. Kh2 dxe5 41. Rf2 Nh7
42. Nf5+ Bxf5 43. Rxf5 Rg5 44. Rhf1 Rf8 45. d6+ Kxd6 46. Rxf8 Nxf8 47. Rxf8 Rg6
48. Be2 Ke7 49. Rc8 Rd6 50. Bxg4 Rd4 51. Rc7+ Kf6 52. Rc6+ Kg5 53. Bf5 Rxc4 54.
Kxh3 Rc3 55. Rxb6 Kh5 56. Rc6 Ra3 57. b6 Rxa4 58. Rxc5 1-0

[Event "Pyramiden Cup 2015"]
[Site "Fuerth"]
[Date "2015.09.05"]
[Round "5.25"]
[White "Meulner, Klaus"]
[Black "Hoffmann, Sebastian"]
[Result "1-0"]
[WhiteElo "2134"]
[BlackElo "1860"]
[PlyCount "81"]
[EventDate "2015.??.??"]
[WhiteTeam "SW Nürnberg Süd"]
[BlackTeam "SC NT Nürnberg"]

1. d4 d5 2. Bf4 Nc6 3. e3 f6 4. Bd3 Be6 5. c3 Bf7 6. Nf3 Bh5 7. Qa4 Qd7 8. Bb5
e6 9. Nbd2 Bd6 10. Bxd6 Qxd6 11. c4 Nge7 12. cxd5 exd5 13. O-O O-O 14. Rac1 Nd8
15. Bd3 Bg6 16. Bxg6 Nxg6 17. b4 Ne6 18. Nb3 Rfd8 19. Nc5 Nxc5 20. Rxc5 a6 21.
Rfc1 Rac8 22. Qb3 Kf8 23. a4 c6 24. h4 Ne7 25. g3 Nf5 26. Kg2 Re8 27. Qd3 g6
28. Re1 b6 29. Rcc1 Qxb4 30. Qxa6 Ra8 31. Qb7 Ne7 32. h5 Reb8 33. Qc7 Qxa4 34.
Qf4 f5 35. Qh6+ Ke8 36. Ne5 c5 37. Qxh7 Kd8 38. hxg6 c4 39. Rh1 Qe8 40. Qg7 Kc7
41. Rh8 1-0

[Event "Pyramiden Cup 2015"]
[Site "Fuerth"]
[Date "2015.09.05"]
[Round "5.26"]
[White "Mehringer, Joerg"]
[Black "Turner, Radek"]
[Result "1/2-1/2"]
[WhiteElo "1945"]
[BlackElo "2080"]
[PlyCount "57"]
[EventDate "2015.??.??"]
[WhiteTeam "Schachpinguine Berlin"]
[BlackTeam "TS Regensburger"]

1. e4 Nf6 2. Nc3 d5 3. exd5 Nxd5 4. Be2 Nxc3 5. dxc3 Qxd1+ 6. Bxd1 Nd7 7. Nf3
e5 8. O-O Bd6 9. Re1 O-O 10. Nd2 c6 11. Nc4 Bc7 12. a4 f6 13. Bg4 Nb6 14. Nxb6
Bxb6 15. Bxc8 Rfxc8 16. a5 Bc7 17. a6 b6 18. Be3 Rd8 19. Red1 Kf7 20. Kf1 Ke6
21. Ke2 h6 22. h3 f5 23. f3 Rxd1 24. Rxd1 Bd6 25. g4 f4 26. Bf2 Rd8 27. b3 g6
28. Bh4 Rd7 29. Bf2 1/2-1/2

[Event "Pyramiden Cup 2015"]
[Site "Fuerth"]
[Date "2015.09.05"]
[Round "5.27"]
[White "Adler, Herbert"]
[Black "Schrems, Hermann"]
[Result "0-1"]
[WhiteElo "2001"]
[BlackElo "2098"]
[PlyCount "32"]
[EventDate "2015.??.??"]
[WhiteTeam "SG Büchenbach/Roth"]
[BlackTeam "SC Emmendingen"]

1. d4 Nf6 2. g3 c5 3. Nf3 cxd4 4. Nxd4 g6 5. Bg2 Bg7 6. O-O O-O 7. Nc3 Nc6 8.
h3 Re8 9. Bg5 Nxd4 10. Qxd4 d6 11. Rab1 Nd7 12. Qd2 Nb6 13. Nd5 Nxd5 14. Qxd5
Rb8 15. c4 Be6 16. Qe4 Bf5 0-1

[Event "Pyramiden Cup 2015"]
[Site "Fuerth"]
[Date "2015.09.05"]
[Round "5.28"]
[White "Grafe, Wilhelm"]
[Black "Leis, Stefan"]
[Result "1/2-1/2"]
[WhiteElo "2168"]
[BlackElo "1998"]
[PlyCount "48"]
[EventDate "2015.??.??"]
[WhiteTeam "SC NT Nürnberg"]
[BlackTeam "SC Mühlh.-Reichelsdorf"]

1. Nf3 Nf6 2. d4 e6 3. g3 c5 4. Bg2 d5 5. O-O Nc6 6. c4 Be7 7. dxc5 O-O 8. Nbd2
Bxc5 9. Nb3 Bb6 10. cxd5 Nxd5 11. e4 Ndb4 12. Bd2 Qe7 13. a3 Na6 14. Qe2 e5 15.
Be3 Nc5 16. Nxc5 Bxc5 17. Bxc5 Qxc5 18. b4 Qb6 19. Qb2 Re8 20. h3 f6 21. Rfd1
Be6 22. Rd2 Red8 23. Rad1 Rxd2 24. Rxd2 Rd8 1/2-1/2

[Event "Pyramiden Cup 2015"]
[Site "Fuerth"]
[Date "2015.09.05"]
[Round "5.29"]
[White "Herold, Hansjoerg"]
[Black "Bildt, Maximilian"]
[Result "0-1"]
[WhiteElo "2003"]
[BlackElo "1976"]
[PlyCount "162"]
[EventDate "2015.??.??"]
[WhiteTeam "SV Böckingen"]
[BlackTeam "SK Zirndorf"]

1. e4 c5 2. c3 d5 3. exd5 Qxd5 4. d4 e6 5. Nf3 cxd4 6. cxd4 Nf6 7. Nc3 Bb4 8.
a3 Bxc3+ 9. bxc3 Qa5 10. Bd2 Ne4 11. Bd3 Nxd2 12. Qxd2 O-O 13. O-O Nc6 14. Rfe1
Rd8 15. Re4 Ne7 16. Qc2 Ng6 17. Ne5 Bd7 18. Nxg6 hxg6 19. Re5 Qc7 20. h4 Rac8
21. Rc1 Be8 22. h5 gxh5 23. Rxh5 g6 24. Rh4 Qe7 25. g3 Bc6 26. Qd2 Qf6 27. Rf4
Qg7 28. Be4 Bxe4 29. Rxe4 Rc4 30. Kg2 Rdc8 31. Re5 Qf6 32. Re4 a6 33. Rf4 Qg5
34. Rh1 Rxc3 35. Rh8+ Kxh8 36. Rh4+ Qxh4 37. gxh4 Kg7 38. Qg5 Rb3 39. Qe5+ Kg8
40. a4 Rbc3 41. Qg5 Kf8 42. d5 exd5 43. Qxd5 R8c6 44. Qd8+ Kg7 45. Qd4+ Kh7 46.
Qf4 Kg7 47. Qe5+ Kh7 48. Qf4 Rc7 49. h5 R3c6 50. hxg6+ fxg6 51. Qf8 Rc5 52. Qd6
Rg5+ 53. Kf1 Rf7 54. Qd4 Rgf5 55. Qh4+ Kg8 56. Qd8+ Kg7 57. Qd4+ R7f6 58. Qd7+
Kh6 59. Qxb7 Rxf2+ 60. Ke1 g5 61. Qa8 R2f4 62. Qh8+ Kg6 63. Qg8+ Kf5 64. Qd5+
Kg6 65. Qg8+ Kh5 66. Qd5 Rxa4 67. Qd7 Raf4 68. Qh3+ Rh4 69. Qd3 Rhf4 70. Qh3+
Kg6 71. Qd3+ R6f5 72. Qxa6+ Kh5 73. Qe2+ g4 74. Qe8+ Kh4 75. Qe7+ Kh3 76. Qe3+
g3 77. Qe6 g2 78. Qh6+ Rh4 79. Qe3+ Kh2 80. Qe2 Rhf4 81. Kd2 Kh1 0-1

[Event "Pyramiden Cup 2015"]
[Site "Fuerth"]
[Date "2015.09.05"]
[Round "5.30"]
[White "Willim, Michael"]
[Black "Birkmann, Guenther"]
[Result "1-0"]
[WhiteElo "2100"]
[BlackElo "2054"]
[PlyCount "129"]
[EventDate "2015.??.??"]
[WhiteTeam "SC Erlangen"]
[BlackTeam "SK Zirndorf"]

1. c4 g6 2. g3 Bg7 3. Bg2 e5 4. Nc3 d6 5. Rb1 f5 6. d3 Nf6 7. b4 O-O 8. b5 Nbd7
9. e3 Qe7 10. Nge2 Nc5 11. O-O e4 12. d4 Nd3 13. Ba3 c5 14. bxc6 bxc6 15. f3
Bh6 16. f4 Be6 17. Qa4 Rfc8 18. h3 Bf8 19. Nc1 Nxc1 20. Rfxc1 h5 21. Qa6 Rc7
22. Rc2 Kh7 23. Rcb2 Bc8 24. Qa5 Ne8 25. Qa4 Bg7 26. Bb4 Qd7 27. c5 d5 28. Ba5
Rb7 29. Rxb7 Bxb7 30. Nxd5 Ba6 31. Nb4 Bb5 32. Qb3 Bxd4 33. exd4 Qxd4+ 34. Kh2
Qxc5 35. a4 Bc4 36. Qc3 Qxa5 37. Qxc4 Qxa4 38. Qxc6 Qxc6 39. Nxc6 a5 40. Rb7+
Ng7 41. Bf1 a4 42. Bc4 a3 43. Ra7 Rxa7 44. Nxa7 Ne8 45. Nb5 Nf6 46. h4 Ng4+ 47.
Kg1 Kg7 48. Nxa3 Kf6 49. Kf1 Ke7 50. Ke2 Nf6 51. Bb3 Ng4 52. Nc4 Kf6 53. Ba2
Kg7 54. Ne5 Kf6 55. Nxg4+ hxg4 56. Ke3 Ke7 57. Kd4 Kf6 58. Kd5 Kg7 59. Ke6 Kh6
60. Kf6 Kh5 61. Bf7 Kh6 62. Be8 e3 63. Bb5 g5 64. hxg5+ Kh5 65. Be8# 1-0

[Event "Pyramiden Cup 2015"]
[Site "Fuerth"]
[Date "2015.09.05"]
[Round "5.31"]
[White "Eck, Mathias"]
[Black "Herlan, Klaus-Juergen"]
[Result "1-0"]
[WhiteElo "2085"]
[BlackElo "1961"]
[PlyCount "39"]
[EventDate "2015.??.??"]
[WhiteTeam "SFDarmstadt"]
[BlackTeam "SK Marmstorf"]

1. c4 c5 2. Nf3 Nf6 3. Nc3 Nc6 4. g3 g6 5. Bg2 Bg7 6. O-O O-O 7. d4 cxd4 8.
Nxd4 a6 9. Nc2 d6 10. h3 Be6 11. Nd5 Bxd5 12. cxd5 Ne5 13. f4 Qb6+ 14. Be3 Qxb2
15. Bd4 Qb5 16. fxe5 dxe5 17. Bxe5 Rac8 18. Nd4 Qa5 19. Nb3 Qb5 20. Qd3 1-0

[Event "Pyramiden Cup 2015"]
[Site "Fuerth"]
[Date "2015.09.05"]
[Round "5.32"]
[White "Li, Simon"]
[Black "Diller, Peter"]
[Result "1-0"]
[WhiteElo "2013"]
[BlackElo "2053"]
[PlyCount "157"]
[EventDate "2015.??.??"]
[WhiteTeam "SK Schweinfurt"]
[BlackTeam "SK Rothenburg"]

1. e4 e6 2. d4 d5 3. Nc3 Bb4 4. exd5 exd5 5. Bd3 Nf6 6. Nge2 Be6 7. O-O Qd7 8.
Bf4 Nc6 9. Re1 O-O 10. Ng3 Bg4 11. Qd2 Nxd4 12. Be5 Nf5 13. Bxf6 gxf6 14. Bxf5
Bxf5 15. Qf4 Bxc3 16. Nxf5 Kh8 17. bxc3 Rae8 18. Re3 Rxe3 19. Nxe3 Qe6 20. Ng4
f5 21. Qe5+ Kg8 22. Nf6+ Kg7 23. Nd7+ Qxe5 24. Nxe5 Re8 25. Re1 Re6 26. f4 Ra6
27. Ra1 Ra3 28. Rb1 b6 29. Rb2 Rxc3 30. Kf2 Kf6 31. Ke2 Ke6 32. Kd2 Ra3 33. c3
c5 34. Nf3 Ra4 35. g3 Ra3 36. Rc2 f6 37. Kc1 Ra4 38. Re2+ Kd6 39. Nh4 Kc6 40.
Kb2 d4 41. Kb3 b5 42. cxd4 Rb4+ 43. Kc3 Rc4+ 44. Kb3 Rb4+ 45. Kc2 Rc4+ 46. Kb2
Rb4+ 47. Kc1 Rc4+ 48. Rc2 Rxd4 49. Nxf5 Re4 50. Nh6 c4 51. Ng4 f5 52. Nh6 Kc5
53. Nxf5 b4 54. Kb2 a5 55. a3 Re1 56. Nd6 c3+ 57. Kb3 Kxd6 58. axb4 Rb1+ 59.
Ka2 Rxb4 60. Rxc3 Rb7 61. Ka3 Kd5 62. Ka4 Kd4 63. Rb3 Ra7 64. Rb5 Ke4 65. Rxa5
Rc7 66. Kb4 Kf3 67. Rc5 Re7 68. Kc4 h6 69. Kd4 Kg4 70. Re5 Ra7 71. Re6 h5 72.
Ke5 Ra5+ 73. Kf6 h4 74. Kg6 Ra2 75. f5 h3 76. f6 Rxh2 77. f7 Rf2 78. Rf6 Rxf6+
79. Kxf6 1-0

[Event "Pyramiden Cup 2015"]
[Site "Fuerth"]
[Date "2015.09.05"]
[Round "5.33"]
[White "Krauss, Josef"]
[Black "Kuespert, Helmut"]
[Result "1-0"]
[WhiteElo "2098"]
[BlackElo "1934"]
[PlyCount "97"]
[EventDate "2015.??.??"]
[WhiteTeam "SK Schweinfurt"]
[BlackTeam "1.FC Marktleuthen"]

1. e4 c5 2. c3 b6 3. d4 Bb7 4. Bd3 c4 5. Bxc4 Bxe4 6. Nf3 e6 7. O-O Nf6 8. Bf4
Be7 9. Nbd2 Bb7 10. Qe2 O-O 11. a4 a6 12. Rfe1 Re8 13. Ne5 Bf8 14. Ndf3 h6 15.
Rad1 Qc8 16. Ba2 b5 17. Bb3 d6 18. Nd3 Bd5 19. Bc2 Qb7 20. Nb4 Bc4 21. Qd2 a5
22. b3 axb4 23. bxc4 bxc3 24. Qxc3 bxc4 25. Qxc4 Rc8 26. Qb3 Qd7 27. Ra1 Na6
28. Bd3 Nc7 29. Reb1 Nfd5 30. Bd2 Na6 31. Qb7 Qxb7 32. Rxb7 Rc7 33. Rbb1 Rca7
34. Ne1 Be7 35. Nc2 Bg5 36. Ne3 Nac7 37. a5 Nxe3 38. fxe3 Nd5 39. Kf2 f5 40. g3
Bf6 41. Ra3 g5 42. Rab3 f4 43. gxf4 gxf4 44. a6 fxe3+ 45. Bxe3 Rf7 46. Rb8+
Bd8+ 47. Ke2 Nc3+ 48. Ke1 Kg7 49. Rxa8 1-0

[Event "Pyramiden Cup 2015"]
[Site "Fuerth"]
[Date "2015.09.05"]
[Round "5.34"]
[White "Brunsch, Michael"]
[Black "Mix, Thomas"]
[Result "1/2-1/2"]
[WhiteElo "2072"]
[BlackElo "1949"]
[PlyCount "66"]
[EventDate "2015.??.??"]
[WhiteTeam "SC Höchstadt/Aisch"]
[BlackTeam "SF Brannenburg"]

1. Nf3 c5 2. c4 Nc6 3. d4 cxd4 4. Nxd4 g6 5. g3 Bg7 6. Nc2 Qa5+ 7. Qd2 Qc5 8.
Qd5 d6 9. Qxc5 dxc5 10. Bg2 Bd7 11. h4 h5 12. e4 Ne5 13. Nd2 Bc6 14. Rb1 Nd3+
15. Ke2 O-O-O 16. Ne3 e6 17. f4 Nxc1+ 18. Rhxc1 Bd4 19. Bh1 Nf6 20. e5 Bxh1 21.
Rxh1 Bxe3 22. Kxe3 Ng4+ 23. Ke2 Rd4 24. b3 Rhd8 25. Rhd1 Nf2 26. Kxf2 Rxd2+ 27.
Rxd2 Rxd2+ 28. Kf3 Rxa2 29. g4 hxg4+ 30. Kxg4 Rg2+ 31. Kf3 Rd2 32. Kg4 Rg2+ 33.
Kf3 Rd2 1/2-1/2

[Event "Pyramiden Cup 2015"]
[Site "Fuerth"]
[Date "2015.09.05"]
[Round "5.35"]
[White "Grabmeier, Johannes"]
[Black "Guggenberger, Guido"]
[Result "0-1"]
[WhiteElo "1929"]
[BlackElo "2019"]
[PlyCount "72"]
[EventDate "2015.??.??"]
[WhiteTeam "SV Deggendorf"]
[BlackTeam "TV Tegernsee"]

1. b3 e5 2. Bb2 Nc6 3. e3 d5 4. Bb5 Bd6 5. f4 Qh4+ 6. g3 Qe7 7. Nf3 f6 8. Bxc6+
bxc6 9. fxe5 fxe5 10. Nxe5 Qg5 11. Nf3 Qh6 12. O-O Nf6 13. Be5 Ba6 14. Re1
O-O-O 15. Bf4 Qh3 16. Ng5 Qd7 17. Bxd6 cxd6 18. d3 h6 19. Nf3 g5 20. Nbd2 Rdg8
21. Kg2 h5 22. e4 h4 23. Rh1 Kb8 24. e5 Ng4 25. Qe1 Re8 26. d4 Qf5 27. h3 Nf6
28. g4 Nxg4 29. hxg4 Qxg4+ 30. Kh2 Qf4+ 31. Kg1 h3 32. Qf2 Ref8 33. Qh2 Qg4+
34. Kf2 Qxd4+ 35. Kg3 Qf4+ 36. Kf2 Qxd2+ 0-1

[Event "Pyramiden Cup 2015"]
[Site "Fuerth"]
[Date "2015.09.05"]
[Round "5.36"]
[White "Weber, Alexander"]
[Black "Bitter, Frank"]
[Result "1/2-1/2"]
[WhiteElo "1801"]
[BlackElo "1914"]
[PlyCount "52"]
[EventDate "2015.??.??"]
[WhiteTeam "SC Erlangen"]
[BlackTeam "SC WD Ulm"]

1. e4 c6 2. d4 d5 3. exd5 cxd5 4. c4 Nf6 5. Nc3 g6 6. Qb3 Bg7 7. cxd5 O-O 8.
Be2 Na6 9. Bf3 Qb6 10. Qxb6 axb6 11. Nge2 Rd8 12. Bg5 Nb4 13. Bxf6 Bxf6 14. O-O
Bf5 15. a3 Na6 16. g4 Bd3 17. Rfd1 Bc2 18. Rd2 Bb3 19. Nc1 Bc4 20. b3 Bg5 21.
Rd1 Bxc1 22. Rdxc1 Bxb3 23. Rab1 Bc4 24. Rxb6 Nc7 25. Ne4 Nxd5 26. Rxb7 Rxa3
1/2-1/2

[Event "Pyramiden Cup 2015"]
[Site "Fuerth"]
[Date "2015.09.05"]
[Round "5.37"]
[White "Lange, Carsten"]
[Black "Weber, Andreas"]
[Result "1-0"]
[WhiteElo "2055"]
[BlackElo "1776"]
[PlyCount "77"]
[EventDate "2015.??.??"]
[WhiteTeam "SK Zirndorf"]
[BlackTeam "SC Flörsheim"]

1. Nf3 d5 2. c4 e6 3. g3 c5 4. Bg2 Nc6 5. O-O Nf6 6. b3 Be7 7. Bb2 O-O 8. e3
Re8 9. Qe2 Bf8 10. d4 cxd4 11. exd4 Bd7 12. Nc3 dxc4 13. bxc4 Rc8 14. Rac1 Qa5
15. Rfd1 e5 16. dxe5 Nxe5 17. Nxe5 Rxe5 18. Ne4 Rxe4 19. Bxe4 Ba4 20. Bc2 Re8
21. Qd3 Bxc2 22. Qxc2 Ng4 23. h3 Nh6 24. Rd5 Qc7 25. Qd3 Qc8 26. Kg2 f6 27. Rd7
Kh8 28. Rd1 Qc5 29. Qd5 Qb4 30. Rxb7 Qa4 31. Rd7 Qc2 32. Rd2 Qf5 33. Rd8 Rxd8
34. Qxd8 Kg8 35. Ba3 Kf7 36. Qxf8+ Kg6 37. Qe8+ Nf7 38. Rd7 Kg5 39. Bc1+ 1-0

[Event "Pyramiden Cup 2015"]
[Site "Fuerth"]
[Date "2015.09.05"]
[Round "5.38"]
[White "Wittmann, Helmut"]
[Black "Vogel, Karlheinz"]
[Result "1-0"]
[WhiteElo "2106"]
[BlackElo "1706"]
[PlyCount "44"]
[EventDate "2015.??.??"]
[WhiteTeam "BSG Wöhrlhaus"]
[BlackTeam "SV Böckingen"]

1. d4 Nf6 2. Bg5 Ne4 3. h4 c5 4. dxc5 Qa5+ 5. Nd2 Nxd2 6. Bxd2 Qxc5 7. c4 Nc6
8. e3 d6 9. Ne2 Bf5 10. Ng3 h6 11. b4 Qe5 12. b5 Nd4 13. Rc1 Qe6 14. Bc3 Nc2+
15. Rxc2 Bxc2 16. Qxc2 O-O-O 17. Bd3 Kb8 18. Nf5 d5 19. c5 Rg8 20. c6 b6 21.
c7+ Kxc7 22. Be5+ Kd7 1-0

[Event "Pyramiden Cup 2015"]
[Site "Fuerth"]
[Date "2015.09.05"]
[Round "5.39"]
[White "Lechermann, Markus"]
[Black "Wieczorek, Heinz"]
[Result "1-0"]
[WhiteElo "2042"]
[BlackElo "1806"]
[PlyCount "57"]
[EventDate "2015.??.??"]
[WhiteTeam "MTV Ingolstadt"]
[BlackTeam "SW Nbg Süd"]

1. d4 Nf6 2. Nf3 e6 3. c4 b6 4. Nc3 Bb4 5. Bd2 O-O 6. e3 Bb7 7. Be2 Bxc3 8.
Bxc3 Ne4 9. Rc1 d5 10. cxd5 exd5 11. Bb4 Re8 12. Qc2 a5 13. Bd2 c5 14. dxc5
bxc5 15. O-O Nc6 16. Rfd1 Qf6 17. Be1 Nb4 18. Qb1 Red8 19. a3 Nc6 20. Nd2 Nxd2
21. Bxd2 Qe7 22. Qc2 c4 23. Bc3 Qg5 24. Bd4 Nxd4 25. Rxd4 f5 26. Rcd1 Rf8 27.
Bf3 Ra6 28. Bxd5+ Bxd5 29. Rxd5 1-0

[Event "Pyramiden Cup 2015"]
[Site "Fuerth"]
[Date "2015.09.05"]
[Round "5.40"]
[White "Berger, Stefan"]
[Black "Weissmann, Peter"]
[Result "1-0"]
[WhiteElo "1996"]
[BlackElo "1795"]
[PlyCount "99"]
[EventDate "2015.??.??"]
[WhiteTeam "Schweiz"]
[BlackTeam "SK Zirndorf"]
[WhiteTeamCountry "SUI"]

1. Nf3 Nf6 2. c4 c5 3. d4 cxd4 4. Nxd4 Nc6 5. Nc3 g6 6. e4 d6 7. Be2 Bg7 8. Be3
O-O 9. O-O Ne8 10. Nb3 f5 11. Qd2 Nf6 12. f3 Na5 13. Nd4 Nc6 14. Rad1 Nxd4 15.
Bxd4 Be6 16. h3 Qa5 17. b4 Qc7 18. Rc1 fxe4 19. Nxe4 Nxe4 20. fxe4 Rxf1+ 21.
Bxf1 b6 22. a3 a5 23. Bxg7 Kxg7 24. h4 Bf7 25. h5 gxh5 26. Rc3 Rg8 27. e5 Kh8
28. exd6 Qxd6 29. Rd3 Qf6 30. Rd8 Rxd8 31. Qxd8+ Kg7 32. c5 Qf4 33. Qxe7 Qd4+
34. Kh1 axb4 35. Qg5+ Bg6 36. axb4 Qf2 37. Qc1 h4 38. Qc4 h3 39. cxb6 hxg2+ 40.
Bxg2 Qe1+ 41. Kh2 Qe5+ 42. Kh1 Qe1+ 43. Qf1 Qh4+ 44. Kg1 Qxb4 45. b7 Qd4+ 46.
Qf2 Qd1+ 47. Kh2 Qh5+ 48. Bh3 Qe5+ 49. Qg3 Qb2+ 50. Bg2 1-0

[Event "Pyramiden Cup 2015"]
[Site "Fuerth"]
[Date "2015.09.05"]
[Round "5.41"]
[White "Abicht, Ruediger"]
[Black "Roettinger, Eugen"]
[Result "0-1"]
[WhiteElo "1811"]
[BlackElo "2147"]
[PlyCount "84"]
[EventDate "2015.??.??"]
[WhiteTeam "ESV Lok Döbeln"]
[BlackTeam "SR Spaichingen"]

1. b4 d5 2. Bb2 Qd6 3. a3 a5 4. b5 c5 5. Nf3 Bg4 6. d3 Nd7 7. Nbd2 Nb6 8. a4
Qc7 9. Be5 Qd7 10. Bg3 f6 11. e4 e5 12. h3 Be6 13. Nh4 g5 14. Nhf3 d4 15. Nc4
Nxc4 16. dxc4 Bd6 17. Bd3 Ne7 18. Nd2 b6 19. Qe2 Ng6 20. O-O-O O-O-O 21. f3 h5
22. h4 Rdg8 23. Rdg1 Nf4 24. Bxf4 gxf4 25. Qf2 Qf7 26. Kb2 Rg7 27. Kb3 Rhg8 28.
Rh2 Qg6 29. Nf1 Kc7 30. Qe2 Be7 31. Qf2 Qe8 32. Kb2 Bd7 33. Qd2 Qd8 34. Qf2 Rg6
35. Qe2 R8g7 36. Qf2 Qg8 37. Qe2 Kd6 38. Kb3 Be6 39. Qf2 Rg3 40. Qe2 Rh3 41.
Qf2 Bd7 42. Rgh1 Rgg3 0-1

[Event "Pyramiden Cup 2015"]
[Site "Fuerth"]
[Date "2015.09.05"]
[Round "5.42"]
[White "Shen, Julian"]
[Black "Tong, Kevin"]
[Result "1/2-1/2"]
[WhiteElo "1815"]
[BlackElo "2021"]
[PlyCount "33"]
[EventDate "2015.??.??"]
[WhiteTeam "SK Rothenburg"]
[BlackTeam "SC Erlangen"]

1. e4 c5 2. Nf3 Nc6 3. d4 cxd4 4. Nxd4 g6 5. Be3 Bg7 6. Nc3 Nf6 7. f3 O-O 8.
Qd2 d5 9. Nxc6 bxc6 10. exd5 cxd5 11. O-O-O Be6 12. Bd4 Qc7 13. h4 Rab8 14. g4
Qa5 15. h5 Rb4 16. hxg6 fxg6 17. Nb1 1/2-1/2

[Event "Pyramiden Cup 2015"]
[Site "Fuerth"]
[Date "2015.09.05"]
[Round "5.43"]
[White "Kornitzky, Tino"]
[Black "Bildt, Thomas"]
[Result "1-0"]
[WhiteElo "1717"]
[BlackElo "2000"]
[PlyCount "65"]
[EventDate "2015.??.??"]
[WhiteTeam "SC Bamberg"]
[BlackTeam "SK Zirndorf"]

1. d4 d5 2. c4 c6 3. cxd5 cxd5 4. Nf3 Nf6 5. Nc3 Nc6 6. g3 Ne4 7. Bg2 Qa5 8.
Bd2 Nxd2 9. Qxd2 e6 10. O-O Be7 11. Rfe1 O-O 12. a3 Bd7 13. e4 dxe4 14. Rxe4
Bf6 15. Rae1 Rfd8 16. Ne5 Be8 17. Nc4 Qa6 18. d5 Bxc3 19. bxc3 f5 20. Rh4 Bf7
21. d6 e5 22. Bd5 Qb5 23. Bxf7+ Kxf7 24. Qg5 Kg8 25. Qxf5 h6 26. Qe6+ Kh8 27.
Nxe5 Nxe5 28. Rxe5 Qd3 29. Rxh6+ gxh6 30. Qf6+ Kg8 31. Qxh6 Rxd6 32. Rg5+ Kf7
33. Rg7+ 1-0